000 00706nam a2200277Ia 4500
005 20260320195846.0
008 008 262003s9999 xx 000 0 hin d
020 _a9789388753197
037 _aEBOOK
040 _aCRL
040 _bhin
040 _cCRL
041 _2hin
041 _ahin
084 _qCRL
100 _aसितांशु यशश्चन्द्र
_91133343
245 0 _aदृश्य और ध्वनियां : खंड—2
250 _a1st
260 _bRajkamal
260 _c2019
300 _a304
856 _uhttps://ebook.indiaread.in/pdfs/Drishya_aur_Dhwaniyan.pdf
942 _cEBOOK
999 _c1716875
_d1716875